Normal view
MARC view
- صعوبات التعليم - معلمي ذوي صعوبات التعلم
Entry Topical Term
001 - CONTROL NUMBER
- control field: 65240
003 - CONTROL NUMBER IDENTIFIER
- control field: JO-AjAnu
005 - DATE AND TIME OF LATEST TRANSACTION
- control field: 20240402101656.0
008 - FIXED-LENGTH DATA ELEMENTS
- fixed length control field: 240402|| aca||babn | a|a d
040 ## - CATALOGING SOURCE
- Original cataloging agency: JO-AjAnu
150 ## - HEADING--TOPICAL TERM
- Topical term or geographic name entry element: صعوبات التعليم - معلمي ذوي صعوبات التعلم